| 000 | 02237cab a22003615a 4500 | ||
|---|---|---|---|
| 001 | L151369 | ||
| 008 | 100803s2010 xxk f 000 0 eng d | ||
| 020 | _a9781842195994 | ||
| 035 | _a(Sirsi) u151369 | ||
| 041 | 0 | _aeng | |
| 050 | 0 | 4 | _a333.332 $2 18 |
| 110 | 2 |
_aRoyal Institution of Chartered Surveyors _94900 |
|
| 245 | 0 | 0 |
_aValuation of medical centres and surgery premises _h[old edition] |
| 250 | _a2nd ed. | ||
| 260 |
_aCoventry _bRICS _c2010 |
||
| 300 |
_aiv, 28p. _c30cm. |
||
| 490 | 0 |
_aRICS Guidance Note _vGN 60/2010 |
|
| 505 | 2 | _aIntroduction -- The NHS framework -- British medical association (BMA) guidance -- Basis of valuation, general assumptions and considerations -- Valuation for partnership purposes -- Valuation for loan security purposes -- Valuation of investment properties -- Valuation of LIFT schemes -- Inspection and measurement -- Design and specification, the impact of legislation and NHS policy -- Pharmacies within healthcare developments | |
| 520 | _aOut of date, ARCHIVED 13/04/2015. Third edition published May 2025, effective 1 August 2025 ISBN 9781783215423 | ||
| 520 | _aDesigned to assist the valuer in dealing with valuation of medical centres and surgery premises. Offers guidance on understanding the NHS framework, regulations and BMA guidance. Includes a floor plan example showing NIA calculation. | ||
| 520 | _aSupersedes first edition (ISBN 1842191454). RICS is aware that the market, practice and regulatory landscape surrounding medical premises is likely to have changed since the publication of this guidance in 2010. | ||
| 520 | _aConsultation for third edition issued 2 September 2024. | ||
| 521 | _aAdvanced | ||
| 590 | _aKA | ||
| 650 | _aHOSPITALS | ||
| 650 | _aMEDICAL CENTRES | ||
| 650 | _aSURGERIES | ||
| 651 | 4 | _aUnited Kingdom | |
| 690 |
_aValuation _96273 |
||
| 856 | 4 | 0 |
_uhttps://www.rics.org/profession-standards/rics-standards-and-guidance/sector-standards/valuation-standards/valuation-of-medical-centre-and-surgery-premises _zView current edition |
| 856 | 4 | 0 |
_uhttps://www.isurv.com/downloads/file/7518/valuation_of_medical_centres_and_surgery_premises_2nd_edition _z2nd edition archived on isurv (subscription required) |
| 942 |
_n0 _2ddc |
||
| 999 |
_c111318 _d111318 |
||